| 000 | 00553nam a2200193Ia 4500 | ||
|---|---|---|---|
| 999 |
_c2281 _d2281 |
||
| 003 | OSt | ||
| 005 | 20200820114159.0 | ||
| 008 | 190216s9999||||xx |||||||||||||| ||und|| | ||
| 020 | _a0408709367 | ||
| 040 | _coclc | ||
| 082 |
_a541.30151 _bAVE/B |
||
| 100 |
_aAvery, H E _94230 |
||
| 245 | 0 |
_aBasic Physical Chemistry Calculations / _cH E Avery ; D J Shaw |
|
| 250 | _a2nd Ed. | ||
| 260 |
_bButter Worth & Co, _c1980. _aLondon: |
||
| 300 | _a173p | ||
| 650 | _aChemistry | ||
| 942 |
_cBK _2ddc _h541.30151 _iAVE/B _k541.30151 _mAVE/B |
||